000 nam a22 7a 4500
999 _c9391
_d9391
008 180129b ||||| |||| 00| 0 eng d
100 _aSharma P
_93683
245 _aScience and technology - VIII
260 _aNew Delhi
_bKamal Publication
_c2007